LEADER 01900nas 2200661-a 450 001 996204073403316 005 20221206112936.0 011 $a1468-0033 035 $a(OCoLC)40349198 035 $a(CKB)954925615052 035 $a(CONSER)--2007252830 035 $a(EXLCZ)99954925615052 100 $a19981119a19939999 s-- a 101 0 $aeng 135 $aurmnu|||||||| 181 $ctxt$2rdacontent 182 $cc$2rdamedia 183 $acr$2rdacarrier 200 10$aMuseum international 210 $a[Oxford] $cBlackwell Publishers 210 1$aLondon :$cInforma UK Limited 300 $aRefereed/Peer-reviewed 311 $a1350-0775 531 $aMUSEUM INTERNATIONAL OXFORD 531 $aMUSEUM INTERNATIONAL (ENGLISH ED. PRINT) 531 0 $aMus. int. 606 $aMuseums$vPeriodicals 606 $aMuseum Management & Curatorship$2ebps 606 $aMuseums$2fast$3(OCoLC)fst01030128 606 $aMuseumkunde$3(NL-LeOCL)078597226$2gtt 606 $aKunstmusea$2gtt 606 $aKunst$2gtt 606 $aCultuur$2gtt 606 $aMusée$2rasuqam 606 $aMuséologie$2rasuqam 606 $aPatrimoine culturel$2rasuqam 608 $aPeriodicals.$2fast 608 $aPériodique électronique (Descripteur de forme)$2rasuqam 608 $aRessource Internet (Descripteur de forme)$2rasuqam 610 $aArt and design 615 0$aMuseums 615 7$aMuseum Management & Curatorship. 615 7$aMuseums. 615 17$aMuseumkunde. 615 17$aKunstmusea. 615 17$aKunst. 615 17$aCultuur. 615 7$aMusée. 615 7$aMuséologie. 615 7$aPatrimoine culturel. 676 $a069 676 $a069 712 02$aUnesco, 712 02$aInternational Council of Museums, 906 $aJOURNAL 912 $a996204073403316 996 $aMuseum international$9792846 997 $aUNISA LEADER 01044nam0 22002771i 450 001 UON00407980 005 20231205104727.597 100 $a20120404d1980 |0itac50 ba 101 $arum 102 $aRO 105 $a|||| 1|||| 200 1 $aˆ"‰Primitivii" picturii romanesti moderne$fAndrei Cornea 210 $aBucuresti$cEditura Meridiane$d1980 215 $a121 p.$ctav.$d16 cm. 410 1$1001UON00407981$12001 $aCurente si sinteze$v24 606 $aARTE ROMENA$xPittura$3UONC081645$2FI 620 $aRO$dBucure?ti$3UONL000071 676 $a700$cARTE$v21 700 1$aCORNEA$bAndrei$3UONV208934$0708375 712 $aEditura Meridiane$3UONV262442$4650 801 $aIT$bSOL$c20240220$gRICA 899 $aSIBA - SISTEMA BIBLIOTECARIO DI ATENEO$2UONSI 912 $aUON00407980 950 $aSIBA - SISTEMA BIBLIOTECARIO DI ATENEO$dSI FONDO ONCIULESCU H 0036 $eSI LO 16499 5 0036 996 $aPrimitivii" picturii romanesti moderne$91345887 997 $aUNIOR